Majdan versus Valdaj - Návrat k bipolarite?

Konflikt na Ukrajine. Strety vládnej moci prezidenta Janukoviča s prívržencami rôznorodej opozície. Hodnotenie situácie komentátormi ako návrat k bipolarite sveta (?). Záujem Slovenska na udržaní a obojstranne prospešnom rozširovaní hospodárskych vzťahov s Ukrajinou. Možné ohrozenia slovenských prod...

Descripción completa

Guardado en:
Detalles Bibliográficos
Autor principal: Lysák, Ladislav
Formato: Capítulo de libro
Lenguaje:eslovaco
Materias:
Etiquetas: Agregar Etiqueta
Sin Etiquetas, Sea el primero en etiquetar este registro!

MARC

LEADER 00000naa a2200000 4500
001 0191959
005 20240502073224.5
041 0 |a slo 
044 |a SK 
245 1 0 |a Majdan versus Valdaj - Návrat k bipolarite?  |c Ladislav Lysák 
520 |a Konflikt na Ukrajine. Strety vládnej moci prezidenta Janukoviča s prívržencami rôznorodej opozície. Hodnotenie situácie komentátormi ako návrat k bipolarite sveta (?). Záujem Slovenska na udržaní a obojstranne prospešnom rozširovaní hospodárskych vzťahov s Ukrajinou. Možné ohrozenia slovenských producentov a spotrebiteľov. Zachovanie dobrých vzťahov s Ruskou federáciou. 
610 2 0 |a politika medzinárodná 
610 2 0 |a vzťahy medzinárodné 
610 2 0 |a spolupráca medzinárodná 
610 2 0 |a konflikty 
610 2 0 |a Ukrajina 
610 2 0 |a Rusko 
610 2 0 |a Slovensko 
100 1 |a Lysák, Ladislav